Quizzes
Events
Quiz Creation
Community
Videos
Private Events
Remove Ads
Sign In
Join for FREE
Feedback
Dark Mode
Quiz Categories
Sports
Geography
Music
Movies
Television
Just For Fun
Miscellaneous
History
Literature
Language
Science
Gaming
Entertainment
Religion
Holiday
For Kids
Quiz Lab
Recent
Popular Today
Quiz Kudos Today
Editor Picks
Curator Picks
Quizzes by...
Day
Popularity
Type
Ratings
Length
Year
Community
Subscriptions
Recent Discussions
Orange Saloon
Badges
Playlists
Quests
Create
Leaderboards
Showdown
Live 5
Trivia Bingo
Activity
Puzzle Library
Sporcle Events
Private Events
Virtual Trivia
Globe League
Become a Host
Pub Owners
SporcleCon
Opinionation
Our Games
Videos
Blog
Mobile Apps
Partnerships
Remove Ads and Go Orange
Feedback
Television
TV Characters
TV Show
Sitcom
Network
Friends
Reality Shows
Cast
South Park
Star Trek
The Simpsons
Doctor Who
Television
TV Characters
TV Show
Sitcom
Network
Friends
Reality Shows
Cast
South Park
Star Trek
The Simpsons
Doctor Who
Random Quiz
Search Sporcle
×
Quiz Lab
Quiz Lab
Television
Country
Type in answers that appear in a list
Type in answers that appear in a list
Classic
Best Score? Go Orange.
Countries Represented In WSOP ME 2014 (Final 693) Stats
Can you name the Countries Represented In WSOP ME 2014 (Final 693)?
By
go_kart68
10m
48 Questions
6 Plays
6 Plays
6 Plays
Comments
Comments
Give Quiz Kudos
Give Quiz Kudos
-
- Ratings
hide this ad
Replay
Link that replays current quiz
Next Quiz
Link to next quiz in quiz playlist
You Got
0%
They Got
Avg Score
44%
Avg Friend Score
Upgrade to see
Score Distribution
Jump to the score distribution portion of the page
Score
0/48
Timer
10:00
0
Plays Today
Highest Finish
Country
% Correct
4th
USA
100%
13th
UK
100%
53rd
Canada
83.3%
84th
Germany
83.3%
193rd
Italy
83.3%
1st
Sweden
66.7%
3rd
Netherlands
66.7%
10th
Mexico
66.7%
23rd
France
66.7%
2nd
Norway
50%
6th
Spain
50%
8th
Brazil
50%
11th
Austria
50%
14th
Belgium
50%
17th
Russia
50%
29th
China
50%
46th
Serbia
50%
105th
Portugal
50%
313th
New Zealand
50%
335th
Japan
50%
394th
Australia
50%
55th
Greece
33.3%
65th
Ireland
33.3%
75th
Denmark
33.3%
Highest Finish
Country
% Correct
76th
Belarus
33.3%
102nd
Venezuela
33.3%
118th
Thailand
33.3%
126th
Chile
33.3%
208th
Argentina
33.3%
241st
Romania
33.3%
256th
India
33.3%
293rd
Indonesia
33.3%
311th
Czech Republic
33.3%
325th
Ukraine
33.3%
382nd
South Korea
33.3%
402nd
Latvia
33.3%
480th
Taiwan
33.3%
514th
Croatia
33.3%
526th
Hungary
33.3%
542nd
South Africa
33.3%
587th
Poland
33.3%
628th
Lithuania
33.3%
631st
Hong Kong
33.3%
688th
Finland
33.3%
109th
Colombia
16.7%
120th
Israel
16.7%
176th
Paraguay
16.7%
491st
Saint Vincent And The Grenadines
0%
Quiz Playlist
Details
Report
Send in Message
Add To Playlist
Classic:
Type in answers that appear in a list
Last Updated: Feb 16, 2017
Quiz Scoreboard
CHALLENGE
Sign Up to Join the Scoreboard
Show All
Scores
Hide
Comments
May contain spoilers
Recently Published
Billboard Blitz: Fleetwood Mac
by CooCooCachoo
Music
15s
Presidents Visiting Landmarks
by Hejman
History
7m
An Introduction to Baseball
by treessimontrees
Sports
5m
More to Explore
Quiz From the Vault
Featured Blog Post
Where Did the Easter Bunny Come From?
hide this ad
You Might Also Like...
Tags
Country Quiz
2014
final
finish
highest
Player
Represented
WSOP
Today's Top Quizzes in Television
Browse Television
hide this ad
Today's Top Quizzes in Country
Browse Country
Top Contributed Quizzes in Television
1
5-to-1: The Simpsons Families
2
5-to-1: Television Doctors
3
7-to-1: TV Show Settings
4
One Piece Logic Puzzle
5
5-to-1: Streaming Originals
6
Survivor Seasons
7
Survivor Logic Puzzle: Heroes vs. Villains
8
TV Shows by First Names
9
Survivor Season by Logo
10
Survivor Trivia
Explore More
Trending Topics
Disney
Kpop
NBA
Marvel
Anime
Crossword
Harry Potter
Song
Soccer
Puzzle
Pokémon
NFL
WWE
Country
The Office
hide this ad
More By:
go_kart68
Quiz
Plays
Rating
Category
Featured
Created
Mario Kart Wii Characters
127
5.00
Gaming
Feb 21, 2016
Signature Moves In Punch-Out!! Wii
60
Gaming
Mar 2, 2016
Countries Represented In WSOP ME 2015 (Final 1,000)
17
4.00
Television
Jun 10, 2016
WSOP Top 100 Money Leaders
16
Television
Mar 14, 2017
WSOP ME Final Tables
13
Television
Mar 13, 2017
Go to Creator's Profile
Score Distribution
Quiz Creator Spotlight
go_kart68
Follow
Send a Message
Quizzes Created
-
Created Quiz Play Count
-
More By This Creator
Popular Quizzes Today
1
Find the US States - No Outlines Minefield
2
Find the Countries of Europe - No Outlines Minefield
3
The Countries of the World
4
Find the US States
5
US States
6
Popular People in 1961
7
Risky Map Clicking: Biggest States A-Z
8
Movies - When Are They Set?
More Television Quizzes
Finish the Famous Phoebe Buffay Quote
Curator's Pick
Trending Quizzes
Risky Map Clicking: Least Populous States A-Z
1-10 Letter G Words
1-10 Letter F Words
Risky Map Clicking: Next State Alphabetically
Risky Map Clicking: Biggest States A-Z
Recently Updated
Leaping Animals
pecheneg
Reality TV Shows (A-Z)
bhenderson79
Rickey Henderson's Hall of Fame Teammates
pecheneg
Champions League XIs: Arsenal
pecheneg
Quick Pick: Celebrities in WWE's Hall of Fame
aduchscher
A-Z Keypad Blitz II
pecheneg
Multiple Oscar Actors
pecheneg
Mystery Phrase Blitz: Oscar 'Best Actors'
pecheneg
F. Scott Fitzgerald Novels
LTH
Pick 3 Villains
ddd62291
Trending Topics
Disney
Harry Potter
Crossword
Anime
Kpop
NBA
Marvel
The Office
Puzzle
Soccer
WWE
Song
NFL
Pokémon
Country
Your Account Isn't Verified!
In order to create a playlist on Sporcle, you need to verify the email address you used during registration. Go to your
Sporcle Settings
to finish the process.
Report this User
Report this user for behavior that violates our
Community Guidelines
.
Details:
Send Report
Go to the Sporcle.com Mobile Site →
Comments